De profesión, fantasma / (Registro nro. 12101)

Detalles MARC
000 -LIDER
fixed length control field 00992nam a2200349 4500
001 - NÚMERO DE CONTROL
Identificador de número de control 0011828
003 - IDENTIFICACDOR DE NÚMERO DE CONTROL
control field DO-SdBNP
005 - DATE AND TIME OF LATEST TRANSACTION
control field 20180213145624.0
007 - CAMPOS FIJOS DE DESCRIPCIÓN FÍSICA
fixed length control field 0011828
008 - ELEMENTOS DE LONGITUD FIJA
fixed length control field 161125b 1992 sp||||| |||| 00| 0 spa d
016 ## - NO. DE CONTROL DE LA AGENCIA BIB. NACIONAL
Record control number
Canceled/invalid record control number
017 ## - NÚMERO DE REGISTRO DE DERECHOS DE AUTOR
Copyright or legal deposit number
Assigning agency
020 ## - ISBN
International Standard Book Number 9788434809017
035 ## - NÚMERO LOCAL
System control number
040 ## - FUENTE DE CATALOGACIÓN
Agencia que crea de manera original el registro BPMSU
Idioma de catalogación spa
Agencia que realiza la transcripción BPMSU
041 ## - CÓDIGOS DE OBRAS TRADUCIDAS O EN VARIOS IDIOMAS
Cód. del idioma original y/o traducciones intermedias del texto
080 ## - NÚMERO DE CLASIFICACIÓN DECIMAL UNIVERSAL
Universal Decimal Classification number
082 ## - NÚMERO DE CLASIFICACIÓN DECIMAL DE DEWEY
Classification number xxxxxxxxx
Item number xxxxxxxxx
100 1# - ASIENTO PRINCIPAL -- NOMBRE PERSONAL
Nombre personal Monteilhet, Hubert,
Fechas asociadas con el nombre 1928-
245 10 - MENCIÓN DE TITULO
Título De profesión, fantasma /
Mención de responsabilidad H. Monteilhet ; traducción Manuel Barbadillo ; ilustraciones J. M. Barthélemy
Medio (Designación general de material)
250 ## - MENCIÓN DE EDICION
Mención de edición 17a ed.
260 ## - PUBLICACIÓN, DISTRIBUCIÓN, ETC. (PIE DE IMPRENTA)
Lugar de publicación, distribución, etc Madrid
Nombre del editor, distribuidor, etc. S.M.
Fecha de publicación, distribución, etc 1992.
300 ## - DESCRIPCIÓN FÍSICA
Extensión 196 p. :
Otros detalles físicos il.;
Dimensiones 19 cm
490 0# - MENCIÓN DE SERIES
Mención de serie El barco de vapor
Volume/sequential designation 10
700 1# - ASIENTO SECUNDARIO -- NOMBRE PERSONAL
Nombre personal Barbadillo, Manuel ,
Mención de responsabilidad tr.
700 1# - ASIENTO SECUNDARIO -- NOMBRE PERSONAL
Nombre personal Barthélemy, J. M. ,
Mención de responsabilidad il.
830 #0 - ASIENTO SECUNDARIO DE SERIE--TÍTULO UNIFORME
Título uniforme El barco de vapor
Volume number/sequential designation 10
942 ## - ADDED ENTRY ELEMENTS (KOHA)
Source of classification or shelving scheme Dewey Decimal Classification
Koha item type Libros
945 ## - INFORMACIÓN DE PROCESAMIENTO LOCAL
Información de procesamiento local Inventariado, 2018 / BT
956 ## - LOCAL ELECTRONIC LOCATION AND ACCESS (OCLC)
Nombre de host VMATEO
Método de acceso 10
Materiales especificados 20160408
Enlace BPMSU
Campo enlazado y núm. de secuencia 0069
956 ## - LOCAL ELECTRONIC LOCATION AND ACCESS (OCLC)
Nombre de host BTAVÁREZ
Número de acceso 10
Información de compresión 20161125
Trayectoria 0011828
Existencias
Withdrawn status Lost status Source of classification or shelving scheme Damaged status Not for loan Collection code Home library Current library Date acquired Source of acquisition Total Checkouts Full call number Barcode Date last seen Price effective from Koha item type
    Dewey Decimal Classification     Colección Infantil General Biblioteca Pública Metropolitana Salomé Ureña Biblioteca Pública Metropolitana Salomé Ureña 11/25/2016 Agencia de cooperación internacional del Japón   xxxxxxxxx xxxxxxxxx BPMSU16111564 11/25/2016 11/25/2016 Libros